[Event "Las Americas op U1800 Hybrid"]
[Site "Internet"]
[Date "2022.06.04"]
[Round "3.8"]
[White "Murillo Rojas, Hugo Ernesto"]
[Black "Vidal Martinez, Salvador"]
[Result "0-1"]
[WhiteElo "1230"]
[BlackElo "1587"]
[PlyCount "104"]
[EventDate "2022.06.04"]
[EventType "swiss"]
[EventRounds "6"]
[EventCountry "VEN"]
[SourceTitle "EXT 2024"]
[Source "ChessBase"]
[SourceDate "2023.10.10"]
[SourceVersion "1"]
[SourceVersionDate "2023.10.10"]
[SourceQuality "1"]

1. d4 Nf6 2. Nf3 d5 3. e3 c5 4. c3 Nc6 5. Bd3 g6 6. Nbd2 Bg7 7. 0-0 0-0 8. Qe2 b6 9. b3 Nd7 10. Ba3 e5 11. Bb5 Qc7 12. dxe5 Ndxe5 13. Rac1 a6 14. Bxc6 Qxc6 15. Nxe5 Bxe5 16. Nf3 Bg7 17. c4 dxc4 18. Rxc4 a5 19. Bb2 Bxb2 20. Qxb2 Ba6 21. Rfc1 Bxc4 22. Rxc4 Rad8 23. h3 Rd1+ 24. Kh2 Qd6+ 25. Rf4 f6 26. g3 Kg7 27. a4 Qd5 28. Qc2 Qd3 29. Qb2 Rb1 30. Qa2 Qxb3 31. Qd2 Qd1 32. Qxd1 Rxd1 33. Re4 Kf7 34. Rh4 h5 35. Rf4 Ke6 36. Ng5+ Kd7 37. Nh7 Rf7 38. Ng5 Re7 39. Rxf6 Rd6 40. Rf8 c4 41. Rf4 c3 42. Nf3 c2 43. Rc4 Rc6 44. Rxc6 Kxc6 45. Nd4+ Kc5 46. Nxc2 Kc4 47. Nd4 Re8 48. Nc6 Kb3 49. Kg2 Kxa4 50. Kf3 b5 51. e4 b4 52. Kf4 b3 0-1

[Event "Anti Cheating Blitz Cup"]
[Site "Chess.com INT"]
[Date "2020.05.20"]
[Round "7"]
[White "Hercegovac, Neven"]
[Black "Vidal Martinez, Salvador"]
[Result "0-1"]
[WhiteElo "2013"]
[BlackElo "1585"]
[PlyCount "130"]
[EventDate "2020.05.20"]
[EventType "swiss (blitz)"]
[EventRounds "11"]
[EventCountry "USA"]
[SourceTitle "CBM 196 Extra"]
[Source "ChessBase"]
[SourceDate "2020.07.31"]
[SourceVersion "1"]
[SourceVersionDate "2020.07.31"]
[SourceQuality "1"]

1. e4 c5 2. Nf3 e6 3. d4 cxd4 4. Nxd4 Nc6 5. Nc3 Qc7 6. g3 Nf6 7. Bg2 a6 8. 0-0 Nxd4 9. Qxd4 Bc5 10. Bf4 d6 11. Qd2 h6 12. Rad1 e5 13. Be3 Bb4 14. h3 Be6 15. a3 Bc5 16. Bxc5 dxc5 17. Nd5 Bxd5 18. exd5 Qd6 19. f4 0-0 20. c4 Rae8 21. fxe5 Qxe5 22. Qc3 Qxc3 23. bxc3 Re3 24. Rf3 Rxf3 25. Bxf3 Rd8 26. a4 Ne8 27. Kf2 Nd6 28. Be2 Re8 29. Bd3 Re5 30. Re1 Rxe1 31. Kxe1 Kf8 32. g4 Ke7 33. Ke2 Kf6 34. Kf3 Ke5 35. Ke3 b6 36. Kf3 a5 37. Ke3 g6 38. Be2 f5 39. gxf5 gxf5 40. Kf3 Ne8 41. Bd3 Nf6 42. d6 Nd7 43. h4 Nf8 44. h5 Ne6 45. d7 Kf6 46. Ke3 f4+ 47. Kf3 Ke7 48. Bf5 Kxd7 49. Bxe6+ Kxe6 50. Kxf4 Kf6 51. Kg4 Ke5 52. Kg3 Kf5 53. Kf3 Kg5 54. Ke4 Kxh5 55. Kd5 Kg6 56. Kc6 h5 57. Kxb6 h4 58. Kxc5 h3 59. Kb5 h2 60. Kxa5 h1Q 61. c5 Kf7 62. Kb6 Ke8 63. c6 Kd8 64. a5 Qb1+ 65. Ka7 Kc7 0-1